Mouse paint / (Record no. 3119)

MARC details
000 -LEADER
fixed length control field 00789pam a2200253 a 4500
005 - DATE AND TIME OF LATEST TRANSACTION
control field 20240207131723.0
020 ## - INTERNATIONAL STANDARD BOOK NUMBER
International Standard Book Number 0590132075
040 ## - CATALOGING SOURCE
Original cataloging agency DLC
Transcribing agency DLC
Modifying agency DLC
Language of cataloging eng
050 00 - LIBRARY OF CONGRESS CALL NUMBER
Classification number PZ7.W1675
Item number 1989
082 00 - DEWEY DECIMAL CLASSIFICATION NUMBER
Classification number 823.914
100 1# - MAIN ENTRY--PERSONAL NAME
Personal name Walsh, Ellen Stoll
245 10 - TITLE STATEMENT
Title Mouse paint /
Statement of responsibility, etc. Ellen Stoll Walsh.
260 ## - PUBLICATION, DISTRIBUTION, ETC.
Place of publication, distribution, etc. New York :
Name of publisher, distributor, etc. Scholastic,
Date of publication, distribution, etc. 1989
300 ## - PHYSICAL DESCRIPTION
Extent 30 unnumbered pages :
Other physical details color illustrations ;
Dimensions 19 cm.
505 ## - FORMATTED CONTENTS NOTE
Formatted contents note G <br/><br/><br/><br/>
520 ## - SUMMARY, ETC.
Summary, etc. Three white mice discover jars of red, blue, and yellow paint and explore the world of color.
521 ## - TARGET AUDIENCE NOTE
Target audience note 371 <br/><br/><br/><br/>
Source Lexile <br/><br/><br/>
521 ## - TARGET AUDIENCE NOTE
Target audience note G <br/><br/><br/>
Source Raz-Plus <br/> <br/><br/>
650 #1 - SUBJECT ADDED ENTRY--TOPICAL TERM
Topical term or geographic name entry element Color
General subdivision Fiction.
650 #1 - SUBJECT ADDED ENTRY--TOPICAL TERM
Topical term or geographic name entry element Mice
General subdivision Fiction.
906 ## - LOCAL DATA ELEMENT F, LDF (RLIN)
a 7
b cbc
c orignew
d 1
e ocip
f 19
g y-gencatlg
942 ## - ADDED ENTRY ELEMENTS (KOHA)
Source of classification or shelving scheme Dewey Decimal Classification
Koha item type Books
Suppress in OPAC No
999 ## -
-- 3119
-- 3119
Holdings
Withdrawn status Lost status Source of classification or shelving scheme Damaged status Not for loan Collection Home library Current library Shelving location Date acquired Total Checkouts Full call number Barcode Date last seen Date last checked out Price effective from Koha item type
    Dewey Decimal Classification     Juvenile Fiction Footprints International School Library Network Toul Kork Campus Footprints International School Library Network Toul Kork Campus   02/07/2024 2 WAL 823.914 PZ7.W1675 FISTK02375 04/08/2024 03/26/2024 02/07/2024 Books